000 00291nam a22001337a 4500
008 170802b xxu||||| |||| 00| 0 eng d
020 _a0471019089
041 _aeng
080 _a004
100 _a32
101 _aSHKI
245 _aSTRUCTURED PROGRAMMING
_cHUGHES, J.K
942 _2udc
_cBK
999 _c22547
_d22547